NBA - Les MVP depuis 2000 - Statistiques

Statistiques générales
  • Ce quiz a été pris 1 349 fois
    755 depuis la dernière actualisation
  • Le résultat moyen est 24 sur 26
Statistiques - réponses
Saison Franchise Nationalité Joueur % Correct
2023/2024 Denver Nuggets Serbie Nikola Jokic
99%
2021/2022 Denver Nuggets Serbie Nikola Jokic
99%
2020/2021 Denver Nuggets Serbie Nikola Jokic
99%
2015/2016 Golden State Warriors États-Unis Stephen Curry
98%
2014/2015 Golden State Warriors États-Unis Stephen Curry
98%
2017/2018 Houston Rockets États-Unis James Harden
97%
2022/2023 Philadelphie 76ers États-Unis Joel Embiid
97%
2012/2013 Miami Heat États-Unis LeBron James
97%
2011/2012 Miami Heat États-Unis LeBron James
97%
2009/2010 Cleveland Cavaliers États-Unis LeBron James
97%
2008/2009 Cleveland Cavaliers États-Unis LeBron James
97%
2024/2025 Oklahoma City Thunder Canada Shai Gilgeous-Alexander
97%
2013/2014 Oklahoma City Thunder États-Unis Kevin Durant
96%
2007/2008 Los Angeles Lakers États-Unis Kobe Bryant
95%
2016/2017 Oklahoma City Thunder États-Unis Russell Westbrook
95%
2010/2011 Chicago Bulls États-Unis Derrick Rose
94%
2019/2020 Milwaukee Bucks Grèce Giánnis Antetokoúnmpo
94%
2018/2019 Milwaukee Bucks Grèce Giánnis Antetokoúnmpo
94%
2002/2003 San Antonio Spurs États-Unis Tim Duncan
93%
2001/2002 San Antonio Spurs États-Unis Tim Duncan
93%
1999/2000 Los Angeles Lakers États-Unis Shaquille O'Neal
90%
2006/2007 Dallas Mavericks Allemagne Dirk Nowitzki
87%
2005/2006 Phoenix Suns Canada Steve Nash
85%
2004/2005 Phoenix Suns Canada Steve Nash
85%
2003/2004 Minnesota Timberwolves États-Unis Kevin Garnett
84%
2000/2001 Philadelphie 76ers États-Unis Allen Iverson
83%
Aucun quiz correspondant
Distribution des résultats
% des personnes avec chaque résultat
Percentile par nombre de réponses
Votre historique - résultats
Vous n’avez pas pris ce quiz depuis la dernière actualisation